000 00306nam a2200121Ia 4500
008 220204s9999 xx 000 0 und d
082 _a061.7(540)
_bBRI
100 _aBrijendra Nath Sharma
245 0 _aFestivals of India
260 _aNew Delhi
_bAbhinav
_c1978
650 _aIndian festivals
942 _cBK
999 _c30809
_d30809